000 00492nam a2200193 a 4500
001 1759657209717
003 ACL
005 20251005151232.0
008 251005s2005##################000#0#eng##
020 _a9780375760129
082 0 4 _a941.60824
_bADA
100 1 _aAdams, Gerry,
_eauthor.
245 1 0 _aA Farther Shore
260 _bRandom House Trade Paperbacks,
_c2005.
300 _a466 pages
650 0 _aBiography & Autobiography.
942 _cENGLISH
040 _aACL
_beng
_cACL
999 _c590858
_d590858